El destino de la democracia: ?Universalismo deliberativo o complementariedad participativa? La ultima discrepancia entre Apel y Habermas. A proposito de la ampliacion de la Union Europea, 1992-1998 (Registro nro. 296995)
[ vista simple ]
| 001 - NÚMERO DE CONTROL | |
|---|---|
| campo de control | 845670 |
| 005 - FECHA Y HORA DE LA ÚLTIMA TRANSACCIÓN | |
| campo de control | 20260406100501.0 |
| 008 - DATOS DE LONGITUD FIJA--INFORMACIÓN GENERAL | |
| campo de control de longitud fija | 030919m01uu2003 spa |
| 035 ## - NÚMERO DE CONTROL DEL SISTEMA | |
| Número de control de sistema | 845670 |
| 035 ## - NÚMERO DE CONTROL DEL SISTEMA | |
| Número de control de sistema | (OCoLC)820077018 |
| 040 ## - FUENTE DE LA CATALOGACIÓN | |
| Centro/agencia transcriptor | comduadb |
| 041 ## - CÓDIGO DE LENGUA | |
| Código de lengua del texto/banda sonora o título independiente | spa |
| 100 10 - ENTRADA PRINCIPAL--NOMBRE DE PERSONA | |
| Nombre de persona | Ortiz de Landázuri, Carlos |
| Código de función | aut |
| Término indicativo de función/relación | Autor/a |
| 9 (RLIN) | 276925 |
| 245 13 - MENCIÓN DE TÍTULO | |
| Título | El destino de la democracia: ?Universalismo deliberativo o complementariedad participativa? La ultima discrepancia entre Apel y Habermas. A proposito de la ampliacion de la Union Europea, 1992-1998 |
| 600 14 - PUNTO DE ACCESO ADICIONAL DE MATERIA--NOMBRE DE PERSONA | |
| Nombre de persona | Habermas, Jürgen, |
| Fechas asociadas al nombre | 1929-2026 |
| 9 (RLIN) | 854570 |
| 650 #7 - PUNTO DE ACCESO ADICIONAL DE MATERIA--TÉRMINO DE MATERIA | |
| Término de materia o nombre geográfico como elemento de entrada | Democracia |
| Fuente del encabezamiento o término | lemb |
| 9 (RLIN) | 1551 |
| 650 ## - PUNTO DE ACCESO ADICIONAL DE MATERIA--TÉRMINO DE MATERIA | |
| Término de materia o nombre geográfico como elemento de entrada | Universalismo |
| 9 (RLIN) | 27381 |
| 650 ## - PUNTO DE ACCESO ADICIONAL DE MATERIA--TÉRMINO DE MATERIA | |
| Término de materia o nombre geográfico como elemento de entrada | Apel, Karl Otto, 1922-2017 |
| 9 (RLIN) | 20404 |
| 650 ## - PUNTO DE ACCESO ADICIONAL DE MATERIA--TÉRMINO DE MATERIA | |
| Término de materia o nombre geográfico como elemento de entrada | Unión Europea |
| 9 (RLIN) | 49918 |
| 650 ## - PUNTO DE ACCESO ADICIONAL DE MATERIA--TÉRMINO DE MATERIA | |
| Término de materia o nombre geográfico como elemento de entrada | Utopía |
| 9 (RLIN) | 87 |
| 650 ## - PUNTO DE ACCESO ADICIONAL DE MATERIA--TÉRMINO DE MATERIA | |
| Término de materia o nombre geográfico como elemento de entrada | Dominación política |
| 9 (RLIN) | 79073 |
| 650 #4 - PUNTO DE ACCESO ADICIONAL DE MATERIA--TÉRMINO DE MATERIA | |
| Término de materia o nombre geográfico como elemento de entrada | Ética y política |
| 9 (RLIN) | 46140 |
| 650 ## - PUNTO DE ACCESO ADICIONAL DE MATERIA--TÉRMINO DE MATERIA | |
| Término de materia o nombre geográfico como elemento de entrada | Responsabilidad política |
| 9 (RLIN) | 55988 |
| 650 ## - PUNTO DE ACCESO ADICIONAL DE MATERIA--TÉRMINO DE MATERIA | |
| Término de materia o nombre geográfico como elemento de entrada | Derechos |
| 9 (RLIN) | 94635 |
| 773 0# - ENLACE AL DOCUMENTO FUENTE/ENTRADA DE REGISTRO ANFITRIÓN | |
| Título | Anuario Filosófico (Pamplona) |
| Parte(s) relacionada(s) | Volumen 36, Número 01-02, Enero-Mayo 2003, p. 409-439 |
| Número de control del registro | 9115 |
| Número Internacional Normalizado para Publicaciones Seriadas | 0066-5215 |
| Número bibliográfico anfitrión | 4104 |
| 942 ## - ELEMENTOS DE ENTRADA AGREGADA (KOHA) | |
| Tipo de ítem Koha | Artículo de Revista |
No hay ítems disponibles.